00723nam a2200241Ia 4500003000400000005001700004008004100021020001500062040001800077041000800095082002000103100001700123245008600140250001200226260005300238300002500291440001000316650002200326650003500348650005100383700002600434700002100460OSt20260306155517.0210716s2001 xx 000 0 und d a8187328568 cAIMIT LIBRARY aeng a510.6221bARUS aArumugam, S. aEngineering mathematics /cBy S Arumugam, A Thangapandi Isaac and A Somasundaram. a1st ed. aChennai :bScitech Publications Pvt Ltd ,c2001. a305p. ;bPBc24.5 cm vVol-2 aFourier transform aPartial differential equations aApplications of partial differential equations aIssac, A Thangapandi. aSomasundaram, A.